000 00283nam a22001337a 4500
008 170411b xxu||||| |||| 00| 0 eng d
020 _a0397511019
041 _aeng
080 _24 ED
_a618
100 _a10
101 _aSHM
245 _aNEONATOLOGY
_cAVERY.G.B
942 _2udc
_cBK
999 _c10306
_d10306